Thiết kế bài giảng địa lí 7 T.1
Shranjeno v:
| Glavni avtor: | |
|---|---|
| Format: | Knjiga |
| Jezik: | Undetermined |
| Izdano: |
H.
Giáo dục
2003
|
| Teme: | |
| Online dostop: | http://lrc.tdmu.edu.vn/opac/search/detail.asp?aID=2&ID=4872 |
| Oznake: |
Označite
Brez oznak, prvi označite!
|
| Thư viện lưu trữ: | Trung tâm Học liệu Trường Đại học Thủ Dầu Một |
|---|
| LEADER | 00662nam a2200205Ia 4500 | ||
|---|---|---|---|
| 001 | TDMU_4872 | ||
| 008 | 210410s9999 xx 000 0 und d | ||
| 082 | |a 910.72 | ||
| 090 | |b NG527 | ||
| 100 | |a Nguyễn, Châu Giang | ||
| 245 | 0 | |a Thiết kế bài giảng địa lí 7 | |
| 245 | 0 | |c Nguyễn Châu Giang | |
| 245 | 0 | |n T.1 | |
| 260 | |a H. | ||
| 260 | |b Giáo dục | ||
| 260 | |c 2003 | ||
| 300 | |a 208tr | ||
| 650 | |a Sách lớp 7 |v Thiết kế bài giảng; Địa lí |x Dạy và học | ||
| 856 | |u http://lrc.tdmu.edu.vn/opac/search/detail.asp?aID=2&ID=4872 | ||
| 980 | |a Trung tâm Học liệu Trường Đại học Thủ Dầu Một | ||